<?xml version="1.0" encoding="UTF-8"?>
<record
    xmlns:xsi="http://www.w3.org/2001/XMLSchema-instance"
    xsi:schemaLocation="http://www.loc.gov/MARC21/slim http://www.loc.gov/standards/marcxml/schema/MARC21slim.xsd"
    xmlns="http://www.loc.gov/MARC21/slim">

  <leader>02189nam a2200349 a 4500</leader>
  <controlfield tag="001">4997517</controlfield>
  <controlfield tag="003">KFJGTNYJHI</controlfield>
  <controlfield tag="005">20220326193253.0</controlfield>
  <controlfield tag="008">990316s1997    cr       b   f000 0 spa  </controlfield>
  <datafield tag="010" ind1=" " ind2=" ">
    <subfield code="a">   99184232 </subfield>
  </datafield>
  <datafield tag="020" ind1=" " ind2=" ">
    <subfield code="a">9968983519</subfield>
  </datafield>
  <datafield tag="035" ind1=" " ind2=" ">
    <subfield code="a">(NcChVT)VT66CR156</subfield>
  </datafield>
  <datafield tag="040" ind1=" " ind2=" ">
    <subfield code="a">DLC</subfield>
    <subfield code="c">DLC</subfield>
  </datafield>
  <datafield tag="043" ind1=" " ind2=" ">
    <subfield code="a">nccr---</subfield>
  </datafield>
  <datafield tag="050" ind1="0" ind2="0">
    <subfield code="a">F1557.S7</subfield>
    <subfield code="b">E87 1997</subfield>
  </datafield>
  <datafield tag="082" ind1="0" ind2="0">
    <subfield code="a">325.246.097.286</subfield>
    <subfield code="b">E77e</subfield>
  </datafield>
  <datafield tag="245" ind1="0" ind2="0">
    <subfield code="a">Espa&#xF1;oles en Costa Rica :</subfield>
    <subfield code="b">la inmigraci&#xF3;n espa&#xF1;ola /</subfield>
    <subfield code="c">[coordinaci&#xF3;n de la obra, Jes&#xFA;s Oyamburu, Miguel Angel Gonz&#xE1;lez].</subfield>
  </datafield>
  <datafield tag="260" ind1=" " ind2=" ">
    <subfield code="a">[San Jos&#xE9;, Costa Rica?] :</subfield>
    <subfield code="b">Embajada de Espa&#xF1;a, Centro Cultural Espa&#xF1;ol :</subfield>
    <subfield code="b">Cooperaci&#xF3;n Espa&#xF1;ola,</subfield>
    <subfield code="c">[1997?]</subfield>
  </datafield>
  <datafield tag="300" ind1=" " ind2=" ">
    <subfield code="a">xii, 160 p. ;</subfield>
    <subfield code="c">21 cm.</subfield>
    <subfield code="b">ill (col)</subfield>
  </datafield>
  <datafield tag="504" ind1=" " ind2=" ">
    <subfield code="a">Includes bibliographical references.</subfield>
  </datafield>
  <datafield tag="505" ind1="0" ind2=" ">
    <subfield code="a">Significaci&#xF3;n de la emigraci&#xF3;n en la historia de Espa&#xF1;a / por Pilar Cagiao -- La migraci&#xF3;n espa&#xF1;ola en Costa Rica : fuentes documentales para su estudio / por Miguel Guzm&#xE1;n-Stein -- La emigraci&#xF3;n espa&#xF1;ola a Costa Rica / por Mario Zaragoza -- Evaluaci&#xF3;n de la emigraci&#xF3;n espa&#xF1;ola en Costa Rica / por Angel R&#xED;os -- Acercamiento al estudio de los espa&#xF1;oles que llegaron a la ciudad de San Jos&#xE9; en el marco de la gran migraci&#xF3;n en masa a fines del S. XIX y principios del XX / por Guiselle Mar&#xED;n Araya -- La colonia espa&#xF1;ola y su proyecci&#xF3;n en el nacimiento del deporte en Costa Rica / por Chester Urbina Gait&#xE1;n -- Testimonios de inmigrantes : Nicol&#xE1;s Lapeira Carrasco, Jos&#xE9; Llobet Comadr&#xE1;n, Ricardo Alvarez P., Francisco Alvarez Gonz&#xE1;lez, Joan Carbona -- Nacionalidad espa&#xF1;ola / por Juan L&#xF3;pez-D&#xF3;riga.</subfield>
  </datafield>
  <datafield tag="650" ind1=" " ind2="0">
    <subfield code="a">Spaniards</subfield>
    <subfield code="z">Costa Rica</subfield>
    <subfield code="x">History.</subfield>
    <subfield code="9">787</subfield>
  </datafield>
  <datafield tag="650" ind1=" " ind2="0">
    <subfield code="v">espa&#xF1;oles en Costa Rica</subfield>
    <subfield code="v">inmigracion y emigracion</subfield>
    <subfield code="9">788</subfield>
  </datafield>
  <datafield tag="650" ind1=" " ind2="0">
    <subfield code="a">Immigrants</subfield>
    <subfield code="z">Costa Rica</subfield>
    <subfield code="x">History.</subfield>
    <subfield code="9">789</subfield>
  </datafield>
  <datafield tag="651" ind1=" " ind2="0">
    <subfield code="a">Costa Rica</subfield>
    <subfield code="x">History.</subfield>
    <subfield code="9">790</subfield>
  </datafield>
  <datafield tag="700" ind1="1" ind2=" ">
    <subfield code="a">Oyamburu, Jes&#xFA;s.</subfield>
    <subfield code="9">182</subfield>
  </datafield>
  <datafield tag="700" ind1="1" ind2=" ">
    <subfield code="a">Gonz&#xE1;lez, Miguel Angel.</subfield>
    <subfield code="9">183</subfield>
  </datafield>
  <datafield tag="710" ind1="2" ind2=" ">
    <subfield code="a">Spain.</subfield>
    <subfield code="b">Embajada (Costa Rica)</subfield>
    <subfield code="9">184</subfield>
  </datafield>
  <datafield tag="710" ind1="2" ind2=" ">
    <subfield code="a">Agencia Espa&#xF1;ola de Cooperaci&#xF3;n Internacional.</subfield>
    <subfield code="9">186</subfield>
  </datafield>
  <datafield tag="906" ind1=" " ind2=" ">
    <subfield code="a">7</subfield>
    <subfield code="b">cbc</subfield>
    <subfield code="c">orignew</subfield>
    <subfield code="d">2</subfield>
    <subfield code="e">ncip</subfield>
    <subfield code="f">19</subfield>
    <subfield code="g">y-gencatlg</subfield>
  </datafield>
  <datafield tag="999" ind1=" " ind2=" ">
    <subfield code="c">163</subfield>
    <subfield code="d">163</subfield>
  </datafield>
  <datafield tag="952" ind1=" " ind2=" ">
    <subfield code="0">0</subfield>
    <subfield code="1">0</subfield>
    <subfield code="2">ddc</subfield>
    <subfield code="4">0</subfield>
    <subfield code="7">0</subfield>
    <subfield code="a">LV</subfield>
    <subfield code="b">LV</subfield>
    <subfield code="c">Pensamiento</subfield>
    <subfield code="d">2014-05-23</subfield>
    <subfield code="l">0</subfield>
    <subfield code="o">325.246.097.286 E77e</subfield>
    <subfield code="p">000146</subfield>
    <subfield code="r">2014-05-23 00:00:00</subfield>
    <subfield code="w">2014-05-23</subfield>
    <subfield code="y">01</subfield>
  </datafield>
</record>
